| 000 | 00925nam a2200253 4500 | ||
|---|---|---|---|
| 003 | OSt | ||
| 005 | 20240618010905.0 | ||
| 006 | a | ||
| 008 | 240618b |||||||| |||| 00| 0 eng d | ||
| 020 | _a9780521618656 | ||
| 040 |
_aDWCL-Main lib. _cOC |
||
| 082 | _aCirc. 174.4 J14i 2011 | ||
| 100 | _aJackson, Terence | ||
| 245 | _aInternational management ethics : a critical, cross-cultural perspective / | ||
| 260 |
_aNew York : _bCambridge University Press, _cc2011. |
||
| 300 |
_avi, _b300 p. ; _c25 cm. |
||
| 504 | _aIncludes bibliographical references & index. | ||
| 650 | _a1. Business ethics–Cross-cultural studies. | ||
| 650 | _a2. Management–Moral and ethical aspects–Cross-cultural studies. | ||
| 650 | _a3. International business enterprises–Management–Social aspects. | ||
| 650 | _a4. Corporate culture–Cross-cultural studies. | ||
| 700 | _aTerence Jackson | ||
| 942 |
_2ddc _n0 _cBK-CIRC _kCirc. |
||
| 999 |
_c775 _d775 |
||